000 00489nam a2200205Ia 4500
003 OSt
005 20140312081353.0
008 140130s9999 xx 000 0 und d
020 _a0590383973
050 _aPZ 7
_b.M3688Ho 1998
100 _aMarzollo, Jean
245 _aHockey Hero /
_cJean Marzollo.
260 _bScholastic,
_c1998.
_aNew York :
300 _a30 p. :
_bcol. ill. ;
_c24 cm.
440 _v1
521 _aG2
526 _c330
942 _cBK
_2lcc
999 _c41991
_d41991